<The> Main Problems of Innovation Development in Slovakia in the Context of the Europe 2020 Strategy

Európsky rámec pre výskum inovačného rozvoja. Aktuálne podmienky, problémy a úlohy inovačného rozvoja na Slovensku. Návrh odporúčaní na zlepšenie inovačného rozvoja na Slovensku na základe sekundárnych štatistických údajov o implementácii cieľov Stratégie Európa 2020 v oblasti inteligentného rastu a...

Celý popis

Uložené v:
Podrobná bibliografia
Hlavný autor: Gonda, Vladimír
Ďalší autori: Adamovský, Peter, 1990-
Médium: Kapitola
Jazyk:English
Predmet:
Tagy: Pridať tag
Žiadne tagy, Buďte prvý, kto otaguje tento záznam!

MARC

LEADER 00000naa a2200000 4500
001 0248964
005 20240712105056.8
041 0 |a eng 
044 |a US 
245 1 0 |a <The> Main Problems of Innovation Development in Slovakia in the Context of the Europe 2020 Strategy  |c Vladimír Gonda, Peter Adamovský 
520 |a Európsky rámec pre výskum inovačného rozvoja. Aktuálne podmienky, problémy a úlohy inovačného rozvoja na Slovensku. Návrh odporúčaní na zlepšenie inovačného rozvoja na Slovensku na základe sekundárnych štatistických údajov o implementácii cieľov Stratégie Európa 2020 v oblasti inteligentného rastu a porovnaní inovačnej výkonnosti Slovenskej republiky s členskými štátmi Európskej únie. 
610 2 0 |a inovácia 
610 2 0 |a výkonnosť inovačná 
610 2 0 |a výskum 
610 2 0 |a vývoj 
610 2 0 |a rozvoj hospodársky 
610 2 0 |a rast hospodársky 
610 2 0 |a Slovensko 
100 1 |a Gonda, Vladimír 
700 1 |a Adamovský, Peter, 1990-